| 000 | 00722nam a2200205 i 4500 | ||
|---|---|---|---|
| 001 | 45823 | ||
| 003 | ES-MaACL | ||
| 005 | 20250901062526.0 | ||
| 007 | t| | ||
| 008 | 030327s1960 an ||||1| spa d | ||
| 100 | 1 |
_aCollin, Remy. _939717 |
|
| 245 | 1 | 3 |
_aLa evolución, hipótesis y problemas / _cRemy Collin, [versión española de Juan A. G. Larraya]. |
| 260 |
_aAndorra : _bCasal i Vall, _c[1960] |
||
| 300 |
_a160 p. ; _c19 cm. |
||
| 490 | 1 | _aDe la Yo sé, yo creo : enciclopedia del católico en el siglo XX | |
| 700 | 1 |
_aLarraya, Juan A. G. _970325 |
|
| 830 | 0 | 0 |
_aYo sé, yo creo: enciclopedia del católico del siglo XX _9186579 |
| 852 |
_aES-MaACL _jC-17992 _bR.45958 |
||
| 999 |
_c45823 _d45823 |
||